| 000 | 00364nam a2200145Ia 4500 | ||
|---|---|---|---|
| 008 | 230917s9999||||xx |||||||||||||| ||und|| | ||
| 040 |
_e200505 _aMAIN |
||
| 041 | _aEnglish | ||
| 082 | _a327.51 M925R | ||
| 100 | _aMuni, S D | ||
| 245 | 0 | _aResurgent China: South Asian perspectives | |
| 260 |
_aNew Delhi _bRoutledge _c2012 |
||
| 300 | _ax, 337 p. | ||
| 942 | _cBK | ||
| 999 |
_c161026 _d161026 |
||